Hrsuriel / (Registro nro. 49356)
[ vista simple ]
| 000 -CABECERA | |
|---|---|
| campo de control de longitud fija | 00871nam a2200277 u 4500 |
| 001 - NÚMERO DE CONTROL | |
| campo de control | |
| 003 - IDENTIFICADOR DEL NÚMERO DE CONTROL | |
| campo de control | OSt |
| 005 - FECHA Y HORA DE LA ÚLTIMA TRANSACCIÓN | |
| campo de control | 20210408155129.0 |
| 008 - DATOS DE LONGITUD FIJA--INFORMACIÓN GENERAL | |
| campo de control de longitud fija | 100812s2020 dr c a spa d |
| 020 ## - NÚMERO INTERNACIONAL ESTÁNDAR DEL LIBRO | |
| Número Internacional Estándar del Libro | 9789945618044 |
| 040 ## - FUENTE DE LA CATALOGACIÓN | |
| Centro catalogador/agencia de origen | DO-SdBNP |
| Lengua de catalogación | spa |
| Centro/agencia transcriptor | BNPHU |
| 082 #4 - NÚMERO DE LA CLASIFICACIÓN DECIMAL DEWEY | |
| Número de clasificación | 759.7293 |
| Número de documento/Ítem | S961h |
| Número de edición | 22 |
| 100 1# - ENTRADA PRINCIPAL--NOMBRE DE PERSONA | |
| Nombre de persona | Suriel Suazo, Hugo Rafael |
| 9 (RLIN) | 43376 |
| 240 ## - TÍTULO UNIFORME | |
| Título uniforme | |
| 245 10 - MENCIÓN DE TÍTULO | |
| Título | Hrsuriel / |
| Mención de responsabilidad, etc. | Hugo Rafael Suriel Suazo ; edición Odalis G. Pérez ; fotografías Héctor Carbuccia |
| 250 ## - MENCIÓN DE EDICIÓN | |
| Mención de edición | 2a.ed |
| 260 ## - PUBLICACIÓN, DISTRIBUCIÓN, ETC. | |
| Lugar de publicación, distribución, etc. | Santo Domingo : |
| Nombre del editor, distribuidor, etc. | Amigo del Hogar |
| Fecha de publicación, distribución, etc. | 2020 |
| 300 ## - DESCRIPCIÓN FÍSICA | |
| Extensión | 301 p. , |
| Otras características físicas | ils, fots.; |
| Dimensiones | 29 cm. |
| 590 ## - NOTA LOCAL (RLIN) | |
| Nota local | Inventariado,2021/VM |
| 650 #4 - PUNTO DE ACCESO ADICIONAL DE MATERIA--TÉRMINO DE MATERIA | |
| Término de materia o nombre geográfico como elemento de entrada | Pintura dominicana |
| 9 (RLIN) | 1858 |
| 650 #4 - PUNTO DE ACCESO ADICIONAL DE MATERIA--TÉRMINO DE MATERIA | |
| Término de materia o nombre geográfico como elemento de entrada | Arte dominicana |
| 9 (RLIN) | 77740 |
| 700 1# - PUNTO DE ACCESO ADICIONAL--NOMBRE DE PERSONA | |
| Nombre de persona | Pérez, Odalis G. |
| Término indicativo de función/relación | ed. |
| 9 (RLIN) | 11075 |
| 700 1# - PUNTO DE ACCESO ADICIONAL--NOMBRE DE PERSONA | |
| Nombre de persona | Carbuccia, Héctor |
| Término indicativo de función/relación | fotografías |
| 9 (RLIN) | 77741 |
| 910 ## - DATOS DE OPCIÓN DEL USUARIO (OCLC) | |
| Datos de opción del usuario | VMateo /Validado. Control de calidad MFF |
| 942 ## - ELEMENTOS DE PUNTO DE ACCESO ADICIONAL (KOHA) | |
| Fuente del sistema de clasificación o colocación | Dewey Decimal Classification |
| Tipo de ítem Koha | Libro |
| Estado de retiro | Estado de pérdida | Fuente del sistema de clasificación o colocación | Restricciones de uso | No para préstamo | Código de colección | Localización permanente | Ubicación/localización actual | Ubicación en estantería | Fecha de adquisición | Fuente de adquisición | Total de préstamos | Signatura topográfica completa | Código de barras | Fecha visto por última vez | Precio válido a partir de | Tipo de ítem Koha | Número de copia |
|---|---|---|---|---|---|---|---|---|---|---|---|---|---|---|---|---|---|
| Dewey Decimal Classification | Excluido de préstamo | Excluido de préstamo | Monografías: Libros y Folletos | Biblioteca Nacional Pedro Henríquez Ureña | Biblioteca Nacional Pedro Henríquez Ureña | Depósito | 22.02.2021 | Hugo Rafael Suriel | BNPHU PD 759.7293 S961h | 2021-0351 | 22.02.2021 | 22.02.2021 | Libro | ||||
| Dewey Decimal Classification | Préstamo en sala | Monografías: Libros y Folletos | Biblioteca Nacional Pedro Henríquez Ureña | General | Depósito | 22.02.2021 | Hugo Rafael Suriel | BNPHU DS 759.7293 S961h | 2021-0354 | 22.02.2021 | 22.02.2021 | Libro | e.3 | ||||
| Dewey Decimal Classification | Excluido de préstamo | Préstamo restrigido | Monografías: Libros y Folletos | Biblioteca Nacional Pedro Henríquez Ureña | Patrimonio Dominicano | Depósito | 22.02.2021 | Hugo Rafael Suriel | BNPHU PD 759.7293 S961h | 2021-0353 | 22.02.2021 | 22.02.2021 | Libro | e.2 |
